000 01842nam0a2200373 4500
001 RU\NLR\bibl\1802546
005 20250616150832.0
010 _a978-5-02-025476-3
_91000
021 _aRU
_b2011-57701
_94089
035 _a(NLR Aleph) 001793201
090 _a1769137
_c1769137
100 _a20110829d2011 |||y0rusy50 ca
101 0 _arus
102 _aRU
105 _aa |||||||||
200 1 _aАнтенны с малой радиозаметностью
_eмонография
_fВ.Н. Красюк, А.А. Оводенко, А.Р. Бестугин, М.Б. Рыжиков
_gпод ред. засл. деятелей науки РФ, профессоров, д-ров техн. наук В.Н. Красюка, А.А. Оводенко
210 _aСанкт-Петербург
_cНаука
_d2011
215 _a671 с.
_cил.
_d24
300 _aНа суперобл.: К 70-летию ГУАП и 50-летию полета Ю.А. Гагарина в космос
320 _aБиблиогр.: с. 663-672 (164 назв.)
606 1 _aБортовые антенны
_92332793
_3RU\NLR\auth\661394878
606 1 _aВоенные летательные аппараты
_xАнтенны
_xСнижение заметности
_92626046
_3RU\NLR\auth\661562606
686 _aО561.1
686 _aЦ651.43
701 1 _aКрасюк
_bВ. Н.
_gВладимир Николаевич
_4070
701 1 _4070
_aОводенко
_bА. А.
_f1947-
_gАнатолий Аркадьевич
_9156188
_3RU\NLR\AUTH\770156227
701 1 _aБестугин
_bА. Р.
_gАлександр Роальдович
_4070
701 1 _aРыжиков
_bМ. Б.
_gМаксим Борисович
_4070
801 0 _aRU
_bNLR
_c20110829
_gRCR
801 1 _aRU
_bNLR
_c20110829
830 _aавт. по кн.
942 _cBOOK
980 _aNB